00326 a2200145 450000100060000002000150000604000240002110000190004524000330006424500280009730000060012536200060013144000120013765000310014970087 a850806926X cAnchieta - Itaigara aOrthof, Sylvia10aAs visitas de dona Zefalpor10aAs visitas de dona Zefa a 0 a0 1aÁtica 4aLiteratura infanto-juvenil